| 000 | 00354nam a2200145Ia 4500 | ||
|---|---|---|---|
| 008 | 230917s9999||||xx |||||||||||||| ||und|| | ||
| 040 |
_e51341 _aMAIN |
||
| 041 | _aEnglish | ||
| 082 | _a342 S64V | ||
| 100 | _aSingh, Birkeshwar Prasad | ||
| 245 | 0 | _aVishav ke pramukh savindhan | |
| 260 |
_aNew Delhi _bGyanda _c2001 |
||
| 300 | _a800 p. | ||
| 942 | _cBK | ||
| 999 |
_c107095 _d107095 |
||